Scottish Football - Best of the Rest - Statistics

General Stats
  • This quiz has been taken 57 times
  • The average score is 37 of 39
Answer Stats
Season Team Position % Correct
1988/89 Aberdeen 2
100%
1989/90 Aberdeen 2
100%
1990/91 Aberdeen 2
100%
1992/93 Aberdeen 2
100%
1993/94 Aberdeen 2
100%
1995/96 Aberdeen 3
100%
2006/07 Aberdeen 3
100%
2014/15 Aberdeen 2
100%
2015/16 Aberdeen 2
100%
2016/17 Aberdeen 2
100%
2017/18 Aberdeen 2
100%
2022/23 Aberdeen 3
100%
2000/01 Hibernian 3
98%
2004/05 Hibernian 3
98%
2020/21 Hibernian 3
98%
1986/87 Dundee United 3
96%
1996/97 Dundee United 3
96%
2009/10 Dundee United 3
96%
1985/86 Heart of Midlothian 2
96%
1987/88 Heart of Midlothian 2
96%
1991/92 Heart of Midlothian 2
96%
1997/98 Heart of Midlothian 3
96%
1999/00 Heart of Midlothian 3
96%
2002/03 Heart of Midlothian 3
96%
2003/04 Heart of Midlothian 3
96%
2005/06 Heart of Midlothian 2
96%
2008/09 Heart of Midlothian 3
96%
2010/11 Heart of Midlothian 3
96%
2021/22 Heart of Midlothian 3
96%
2023/24 Heart of Midlothian 3
96%
1994/95 Motherwell 2
94%
2007/08 Motherwell 3
94%
2011/12 Motherwell 3
94%
2012/13 Motherwell 2
94%
2013/14 Motherwell 2
94%
2019/20 Motherwell 3
94%
2018/19 Kilmarnock 3
88%
1998/99 St Johnstone 3
85%
2001/02 Livingston 3
60%
No matching quizzes found
Score Distribution
Percent of People with Each Score
Percentile by Number Answered
Your Score History
You have not taken this quiz